Marketing of information technology: (Record no. 26285)

MARC details
000 -LEADER
fixed length control field 00994nam a22002537a 4500
005 - DATE AND TIME OF LATEST TRANSACTION
control field 20090513110123.0
008 - FIXED-LENGTH DATA ELEMENTS--GENERAL INFORMATION
fixed length control field 090508t xxu||||| |||| 00| 0 eng d
010 ## - LCCN (DPL NO)
LC control number ENG-93496
020 ## - INTERNATIONAL STANDARD BOOK NUMBER
International Standard Book Number 0070248729
Terms of availability 350.00
020 ## - INTERNATIONAL STANDARD BOOK NUMBER
International Standard Book Number 9780070248724
Terms of availability 350.00
035 ## - SYSTEM CONTROL NUMBER
System control number EN-77029
037 ## - SOURCE OF ACQUISITION
Source of stock number/acquisition DBAD / PUB
040 ## - CATALOGING SOURCE
Original cataloging agency dpl
Language of cataloging English
082 ## - DEWEY DECIMAL CLASSIFICATION NUMBER
Classification number 004.0688
100 ## - MAIN ENTRY--PERSONAL NAME
Personal name Venkatesh, K.
245 ## - TITLE STATEMENT
Title Marketing of information technology:
Statement of responsibility, etc by K. Venkatesh
Remainder of title concepts, products, services and intellectual property rights /
260 ## - PUBLICATION, DISTRIBUTION, ETC. (IMPRINT)
Place of publication, distribution, etc New Delhi
Name of publisher, distributor, etc Tata McGraw-Hill Publishing
Date of publication, distribution, etc 2009
270 ## - ADDRESS
Address 7 West Patel Nagar,
City New Delhi
Postal code 110008
300 ## - PHYSICAL DESCRIPTION
Extent xvi, 146p.
Dimensions 22cm (pbk)
500 ## - GENERAL NOTE
General note Includes glossary
650 ## - SUBJECT ADDED ENTRY--TOPICAL TERM
Topical term or geographic name as entry element Information technology
General subdivision Marketing.
942 ## - ADDED ENTRY ELEMENTS (KOHA)
Source of classification or shelving scheme Dewey Decimal Classification
Item type English Books
Call number suffix VEN
Classification part 004.0688
Holdings
Withdrawn status Lost status Source of classification or shelving scheme Damaged status Not for loan Collection code Home library Current library Date acquired Source of acquisition Cost, normal purchase price Total Checkouts Full call number Barcode Date last seen Copy number Cost, replacement price Koha item type
    Dewey Decimal Classification   Not For Loan Non-fiction D.B.Act.Division D.B.Act.Division 13/05/2009 DBAD / PUB 350.00   004.0688 VEN EN-77029 13/05/2009 1 350.00 English Books

© Delhi Public Library
Hit Counter
free hit counter